000 00611nam a2200241 a 4500
001 nice12345678
003 IN_TiNIC
005 20260116012551.0
008 050524s1961 alla grp 000 0 eng
020 _a
_c10
082 0 0 _a201
_bSCO
100 _aScovel, Myra
245 _aI Must Speak
_b the Biography of Augustine Ralla Ram
260 _aAllahabad
_bNorth India Christian Tracts
_c1961
300 _a92p
500 _aincludes index and biblioraphy
505 2 _aBibliography
650 _aAugustine Ralla Ram
700 1 _aScovel, Myra
902 _bSRS
942 _cBK
999 _c7487
_d7487